|
|
|
|
| LEADER |
00724nam a2200205 a 4500 |
| 001 |
000616557 |
| 003 |
CZ BrMZK |
| 005 |
20161104140636.0 |
| 008 |
020813s1978 gw f ger d |
| 040 |
|
|
|a BOA001
|b cze
|c BOA001
|
| 080 |
|
|
|a 018.4:78(437.268)"1757"
|2 MRF
|
| 100 |
1 |
|
|a Sehnal, Jiří,
|d 1931-
|7 jk01110611
|4 aut
|
| 245 |
1 |
4 |
|a Der Musikalienkatalog eines Olmützer Buchhändlers aus dem Jahr 1757 /
|c Jiří Sehnal
|
| 260 |
|
|
|a [Kassel :
|b Bärenreiter],
|c 1978
|
| 300 |
|
|
|a s. 243-249
|
| 772 |
0 |
8 |
|i Separát ze seriálu:
|t Fontes artis musicae
|g Vol.25,3,1978
|
| 910 |
|
|
|a BOA001
|b X-0992.165
|
| 990 |
|
|
|a BK
|
| 991 |
|
|
|b 201610
|
| 996 |
6 |
|
|b BC-43521
|c X-0992.165
|l MZK
|r Sklad / do 24 hodin
|n 0
|w 000616557
|u 000010
|a 1
|e BOA001
|j MZK50
|s P
|